[Event "SRI-chB"]
[Site "Colombo"]
[Date "2023.03.04"]
[Round "1"]
[White "De Silva, Elath Mathanga"]
[Black "Sathsara, EP Daham"]
[Result "1-0"]
[WhiteElo "1777"]
[BlackElo "1341"]
[PlyCount "104"]
[EventDate "2023.03.04"]
[EventType "swiss"]
[EventRounds "11"]
[EventCountry "SRI"]
[SourceTitle "CBM 213 Extra"]
[Source "ChessBase"]
[SourceDate "2023.05.31"]
[SourceVersion "1"]
[SourceVersionDate "2023.05.31"]
[SourceQuality "1"]

1. d4 Nf6 2. Nf3 g6 3. Bf4 Bg7 4. e3 d6 5. Be2 0-0 6. h3 c5 7. c3 Qb6 8. Qb3 Be6 9. Qa3 Nc6 10. Nbd2 Nh5 11. Bh2 h6 12. 0-0 Rfc8 13. dxc5 Qxc5 14. Qxc5 dxc5 15. Bc4 Bxc4 16. Nxc4 Rd8 17. Rfd1 Rac8 18. a4 Nf6 19. Nfe5 Nxe5 20. Bxe5 Nh7 21. Kf1 Bxe5 22. Nxe5 Nf8 23. Ke2 f6 24. Nc4 Kf7 25. f4 Ne6 26. g4 Rxd1 27. Rxd1 Rd8 28. f5 Rc8 29. fxe6+ Kxe6 30. e4 b6 31. Ke3 Rh8 32. Kf4 Rf8 33. Rd5 Rh8 34. Na3 a6 35. a5 Rb8 36. axb6 Rxb6 37. Nc4 Rb5 38. Rd8 Kf7 39. Ra8 Rb7 40. Rd8 Rc7 41. e5 Rc6 42. Ke4 Rc7 43. Kd5 f5 44. e6+ Kf6 45. gxf5 gxf5 46. h4 Rb7 47. Rf8+ Kg6 48. Kxc5 Rb5+ 49. Kd4 Rb7 50. b4 Rc7 51. Ne3 Rc6 52. Nd5 Rd6 1-0